Overhead costing : the cost of manufactured products.
Gorde:
| Egile nagusia: | |
|---|---|
| Formatua: | Liburua |
| Hizkuntza: | English |
| Argitaratua: |
Ann Arbor :
Bureau of Business Research, School of Business Administration, Univ. of Michigan,
1957.
|
| Saila: | Michigan business studies ;
|
| Gaiak: |
| LEADER | 00586nam a22001691 4500 | ||
|---|---|---|---|
| 001 | c000197636 | ||
| 003 | CARM | ||
| 005 | 20021125001800.0 | ||
| 008 | 851003s1957 miu 0 eng d | ||
| 019 | 1 | |a 3987990 | |
| 100 | 1 | |a Brummet, R. Lee. | |
| 245 | 1 | 0 | |a Overhead costing : |b the cost of manufactured products. |
| 260 | |a Ann Arbor : |b Bureau of Business Research, School of Business Administration, Univ. of Michigan, |c 1957. | ||
| 440 | 0 | |a Michigan business studies ; | |
| 650 | 0 | |a Cost accounting. | |
| 082 | 0 | 4 | |a 657.42 |
| 999 | f | f | |i 465890f7-5319-553c-a9ae-d981cadd5ac3 |s 460fa2a5-7d91-5db0-8ce5-afd4938edff5 |